Classement ligue 1 saison 2021-2022 - Statistiques

Statistiques générales
  • Ce quiz a été pris 124 fois
  • Le résultat moyen est 11 sur 20
Statistiques - réponses
Position Equipe % Correct
1er Paris Saint-Germain
99%
2ème Olympique de Marseille
95%
3ème AS Monaco
85%
8ème Olympique Lyonnais
76%
18ème AS Saint-Etienne
71%
7ème RC Lens
71%
20ème FC Girondins de Bordeaux
67%
5ème OGC Nice
65%
9ème FC Nantes
63%
19ème FC Metz
60%
6ème RC Strasbourg
60%
12ème Stade de Reims
47%
16ème FC Lorient
44%
15ème Troyes
40%
4ème Stade Rennais FC
35%
17ème Clermont Foot 63
32%
14ème Angers SCO
30%
11ème Stade Brestois
30%
10ème Lille OSC
25%
13ème Montpellier Hérault Sporting Club
7%
Aucun quiz correspondant
Distribution des résultats
% des personnes avec chaque résultat
Percentile par nombre de réponses
Votre historique - résultats
Vous n’avez pas pris ce quiz